000 00531cam a22001937 4500
001 a4630001
003 OSt
005 20150312150319.0
008 091110s2005 sp | |||| 000 1 spa
020 _a84-675-0559-1
040 _cBMC
082 _a863
100 1 _aGallego García, Laura
_932626
245 1 0 _aMemorias de Idhún
_nLibro II
_pTríada
_cLaura Gallego García
260 _aBoadilla del Monte, Madrid
_bSM
_cD.L. 2005
300 _a766 p.
_c20 cm
650 2 4 _929289
_aNovela española
942 _2ddc
_cBK
_hahoj
999 _c19510
_d19510